Magnificent effects at Fonthill Abbey, Wilts., to be sold by auction by Mr. Christie, on the premises, on Tuesday, October 1, 1822, and nine following days, (Sunday excepted) ... (Record no. 113977)
[ view plain ]
| 000 -LEADER | |
|---|---|
| fixed length control field | 00813cam a22002055a 4500 |
| 001 - CONTROL NUMBER | |
| control field | L156011 |
| 008 - FIXED-LENGTH DATA ELEMENTS--GENERAL INFORMATION | |
| fixed length control field | 120424s1822 xxk f 000 0 eng d |
| 035 ## - SYSTEM CONTROL NUMBER | |
| System control number | (Sirsi) u156011 |
| 041 0# - LANGUAGE CODE | |
| Language code of text/sound track or separate title | eng |
| 100 1# - MAIN ENTRY--PERSONAL NAME | |
| Personal name | Christie, James |
| Dates associated with a name | 1773-1831 |
| 245 00 - TITLE STATEMENT | |
| Title | Magnificent effects at Fonthill Abbey, Wilts., to be sold by auction by Mr. Christie, on the premises, on Tuesday, October 1, 1822, and nine following days, (Sunday excepted) ... |
| 260 ## - PUBLICATION, DISTRIBUTION, ETC. | |
| Place of publication, distribution, etc. | [London?] |
| Name of publisher, distributor, etc. | [s.n.] |
| Date of publication, distribution, etc. | 1822 |
| 300 ## - PHYSICAL DESCRIPTION | |
| Extent | 95 p. |
| Dimensions | 22 cm. |
| 520 ## - SUMMARY, ETC. | |
| Summary, etc. | Caption title: A catalogue of the magnificent effects at Fonthill. |
| 520 ## - SUMMARY, ETC. | |
| Summary, etc. | Library holds three copies - the 2nd, 5th and 6th editions. |
| 583 ## - ACTION NOTE | |
| Action | Condition reviewed |
| Time/date of action | 20120620 |
| Status | condition level 2, 3 and 4 |
| 651 #4 - SUBJECT ADDED ENTRY--GEOGRAPHIC NAME | |
| Geographic name | Great Britain |
| Chronological subdivision | 1707- |
| 690 ## - LOCAL SUBJECT ADDED ENTRY--TOPICAL TERM (OCLC, RLIN) | |
| Topical term or geographic name as entry element | Auctioneering |
| 9 (RLIN) | 6218 |
| 942 ## - ADDED ENTRY ELEMENTS (KOHA) | |
| Suppress in OPAC | 0 |
| Withdrawn status | Lost status | Source of classification or shelving scheme | Damaged status | Not for loan | Home library | Current library | Shelving location | Date acquired | Total Checkouts | Full call number | Barcode | Date last seen | Copy number | Price effective from | Koha item type |
|---|---|---|---|---|---|---|---|---|---|---|---|---|---|---|---|
| Dewey Decimal Classification | Historic collection | Historic collection | Historic collection | 24/04/2012 | QUARTO 1822 CHRISTIE 2ND ED | 30077896 | 20/08/2025 | 1 | 06/08/2019 | Book | |||||
| Dewey Decimal Classification | Historic collection | Historic collection | Historic collection | 23/01/2013 | QUARTO 1822 CHRISTIE 5TH ED | 30077888 | 06/08/2019 | 1 | 06/08/2019 | Book | |||||
| Dewey Decimal Classification | Historic collection | Historic collection | Historic collection | 23/01/2013 | QUARTO 1822 CHRISTIE 6TH ED | 30077892 | 06/08/2019 | 1 | 06/08/2019 | Book |